000
00374nam a22001577a 4500
003
MPLRDC
005
20220104143257.0
008
210129b ||||| |||| 00| 0 eng d
082
_a
370.7 YDJ v.1
100
_a
姚大均等编著
245
_a
植物奇观. 2
_c
260
_a
_b
江苏少年儿童出版社
_c
300
_b
平
650
_a
942
_c
BK
_o
370.7 YDJ v.1
999
_c
38337
_d
38327